Most Common Words In English Starting With H - Statistics

General Stats
  • This quiz has been taken 4,847 times
  • The average score is 55 of 92
Answer Stats
Word % Correct
he
100%
hi
100%
her
98%
his
95%
hear
94%
hat
93%
hell
93%
him
93%
have
92%
home
91%
hand
90%
hot
89%
hope
87%
how
87%
house
86%
hit
85%
head
84%
hill
84%
hall
82%
heat
82%
hello
81%
heart
80%
hard
78%
hate
77%
high
77%
here
76%
hip
75%
happy
74%
hole
74%
host
74%
hide
73%
hold
73%
help
72%
hurt
72%
hair
69%
history
68%
half
67%
hang
67%
horse
63%
happen
62%
heaven
62%
hey
61%
hire
61%
honey
61%
hour
61%
health
59%
height
57%
heel
56%
hunter
56%
hearing
55%
huge
55%
habit
54%
holy
54%
however
54%
healthy
53%
heavy
53%
himself
53%
handle
52%
hero
52%
hotel
52%
herself
49%
historic
49%
human
49%
hungry
49%
historical
47%
honest
46%
hospital
45%
horror
44%
hundred
44%
honor
43%
holiday
39%
husband
38%
hardly
37%
highly
36%
habitat
35%
hunting
35%
household
33%
humor
33%
helpful
32%
housing
31%
historian
30%
headline
29%
handful
28%
homeless
26%
helicopter
25%
heavily
23%
highlight
22%
heritage
19%
highway
17%
headquarters
16%
hypothesis
15%
horizon
12%
No matching quizzes found
Score Distribution
Percent of People with Each Score
Percentile by Number Answered
Your Score History
You have not taken this quiz